[Event "La Plata Spring op"]
[Site "La Plata"]
[Date "2018.09.15"]
[Round "2.2"]
[White "Gamboa, Ricardo"]
[Black "Perez Grizia, Jorge Adrian"]
[Result "0-1"]
[WhiteElo "1782"]
[BlackElo "1916"]
[PlyCount "130"]
[EventDate "2018.09.11"]
[EventType "swiss"]
[EventRounds "7"]
[EventCountry "ARG"]
[SourceTitle "EXT 2024"]
[Source "ChessBase"]
[SourceDate "2023.10.10"]
[SourceVersion "1"]
[SourceVersionDate "2023.10.10"]
[SourceQuality "1"]

1. c4 a5 2. g3 c6 3. Bg2 Na6 4. Nf3 d6 5. 0-0 g6 6. d4 Bg7 7. Nc3 Qc7 8. Bg5 f6 9. Be3 Nh6 10. Qa4 Bd7 11. c5 0-0 12. Rfd1 d5 13. Qb3 Nf7 14. Na4 Bg4 15. Nb6 Ra7 16. Bd2 Nb8 17. h3 Bxf3 18. Bxf3 e5 19. e4 dxe4 20. Bxe4 f5 21. Bg2 a4 22. Qc4 a3 23. Bc3 axb2 24. Bxb2 e4 25. Bc1 Kh8 26. Bf4 Qe7 27. Rab1 g5 28. Bc1 h6 29. g4 Nd7 30. gxf5 Nf6 31. Qe6 Qc7 32. d5 Nd8 33. d6 Nxe6 34. dxc7 Nxc7 35. Bb2 Ncd5 36. Nxd5 Nxd5 37. Bxg7+ Kxg7 38. Bxe4 Nc3 39. Rd7+ Rf7 40. Rxf7+ Kxf7 41. Re1 Rxa2 42. Bd3 Rd2 43. Bc4+ Kf6 44. Be6 Ne2+ 45. Kf1 Nf4 46. Bc8 Rb2 47. Rd1 h5 48. Ke1 Re2+ 49. Kf1 Rc2 50. Ke1 Rxc5 51. Bxb7 Re5+ 52. Kf1 c5 53. f3 Rxf5 54. Bc8 Re5 55. Rd6+ Ke7 56. Rd7+ Ke8 57. Rh7 Kd8 58. Bb7 h4 59. Be4 Nxh3 60. Rh8+ Kc7 61. Rh7+ Kb6 62. Rb7+ Ka6 63. Rb8 Nf4 64. Rc8 Kb5 65. Rb8+ Kc4 0-1

[Event "Platense-ch"]
[Site "La Plata"]
[Date "2018.01.13"]
[Round "8"]
[White "Martinez Conte, Mariano"]
[Black "Gamboa, Ricardo"]
[Result "1-0"]
[WhiteElo "1864"]
[BlackElo "1816"]
[PlyCount "73"]
[EventDate "2018.01.03"]
[EventType "swiss"]
[EventRounds "9"]
[EventCountry "ARG"]
[SourceTitle "EXT 2019"]
[Source "ChessBase"]
[SourceDate "2018.10.10"]
[SourceVersion "1"]
[SourceVersionDate "2018.10.10"]
[SourceQuality "1"]

1. e4 c5 2. Nf3 d6 3. d4 cxd4 4. Nxd4 Nf6 5. Nc3 g6 6. Bg5 Bg7 7. Bb5+ Bd7 8. Qe2 h6 9. Bh4 Qb6 10. 0-0-0 0-0 11. Bxf6 Bxf6 12. Nd5 Qd8 13. Nxf6+ exf6 14. Bxd7 Nxd7 15. Nb5 Qa5 16. Kb1 Rac8 17. Nxd6 Rc7 18. Qb5 Qxb5 19. Nxb5 Rc5 20. Nc3 Nb6 21. Nd5 Nxd5 22. Rxd5 Rfc8 23. c3 f5 24. Rxc5 Rxc5 25. Re1 Re5 26. f3 Kg7 27. Kc2 fxe4 28. Rxe4 Rxe4 29. fxe4 Kf6 30. Kd3 Ke5 31. c4 g5 32. b4 h5 33. c5 h4 34. b5 f6 35. a4 g4 36. a5 a6 37. c6 1-0

[Event "La Plata Maderna Memorial"]
[Site "La Plata"]
[Date "2016.06.16"]
[Round "2.10"]
[White "Gamboa, Ricardo"]
[Black "Romero, Melina"]
[Result "1-0"]
[WhiteElo "1853"]
[BlackElo "1446"]
[PlyCount "43"]
[EventDate "2016.06.14"]
[EventType "swiss"]
[EventRounds "7"]
[EventCountry "ARG"]
[SourceTitle "EXT 2024"]
[Source "ChessBase"]
[SourceDate "2023.10.10"]
[SourceVersion "1"]
[SourceVersionDate "2023.10.10"]
[SourceQuality "1"]

1. e4 c5 2. Nf3 d6 3. d4 cxd4 4. Nxd4 Nf6 5. Nc3 g6 6. Be3 Bg7 7. f3 0-0 8. Qd2 Nc6 9. Bc4 Bd7 10. h4 a6 11. 0-0-0 Rc8 12. Bb3 Na5 13. h5 Nxb3+ 14. Nxb3 Be6 15. hxg6 fxg6 16. Nd4 Bf7 17. Bh6 Nh5 18. Rxh5 gxh5 19. Qg5 Bg6 20. Bxg7 Rf7 21. Bh6 Rc5 22. Ne6 1-0

[Event "La Plata Maderna Memorial"]
[Site "La Plata"]
[Date "2016.06.14"]
[Round "1.5"]
[White "Gamboa, Ricardo"]
[Black "Veliz, Ariel"]
[Result "0-1"]
[WhiteElo "1853"]
[BlackElo "1696"]
[PlyCount "94"]
[EventDate "2016.06.14"]
[EventType "swiss"]
[EventRounds "7"]
[EventCountry "ARG"]
[SourceTitle "EXT 2024"]
[Source "ChessBase"]
[SourceDate "2023.10.10"]
[SourceVersion "1"]
[SourceVersionDate "2023.10.10"]
[SourceQuality "1"]

1. c4 e6 2. Nc3 c6 3. e4 d5 4. d4 dxe4 5. Nxe4 Nf6 6. Nxf6+ Qxf6 7. Nf3 Bb4+ 8. Bd2 Bxd2+ 9. Qxd2 0-0 10. Bd3 Nd7 11. 0-0 h6 12. Rfe1 b6 13. Be4 Bb7 14. Ne5 Nxe5 15. dxe5 Qe7 16. Qf4 c5 17. Rad1 Rad8 18. Bc2 Qg5 19. Qxg5 hxg5 20. Rd6 Rxd6 21. exd6 Rd8 22. Rd1 Bc6 23. f3 f5 24. Kf2 Kf7 25. a3 a5 26. g3 Kf6 27. f4 gxf4 28. gxf4 g6 29. h4 e5 30. fxe5+ Kxe5 31. Kg3 Rxd6 32. Rxd6 Kxd6 33. h5 gxh5 34. Bxf5 Ke5 35. Bg6 Kd4 36. Bf7 Be4 37. Bxh5 Kxc4 38. Kf4 Kd4 39. Bd1 Bd5 40. Ba4 c4 41. Bd7 Bb7 42. Bb5 Kc5 43. Bd7 Bc6 44. Bf5 Kd4 45. Bg6 Ba4 46. Bf5 Be8 47. Bc2 a4 0-1